LEADER 01484nam a2200313 a 4500 001 000000122294 003 CaOOAMICUS 005 20100621101950.0 008 100621t2010 sp 000 u spa r 020 $a978-84-96318-96-0 040 $aPUL$bita$dReb 082 04$a235 245 00$aProcesos de canonizacion :$bcomentarios a la instruccion Sanctorum Mater /$cRicardo Quintana Bescós (ed.) 260 $aMadrid :$bPublicaciones "San Damaso",$c©2010. 300 $a205 p. ;$c23 cm 490 1 $aInstituto de derecho canonico San damaso$aInstrumenta Canonica ;$v01 504 $aInclude riferimenti bibliografici ed indice. 650 4$aCanonizzazione.$0(OLS)http://pul/subject/617 700 1 $aQuintana Bescós, Ricardo.$0(OLS)http://pul/name/64021 830 0$aInstituto de derecho canonico San damaso$pInstrumenta Canonica ;$v01.$0(OLS)http://pul/title/153955 850 $aPUL 852 $aPUL$W1$xSL Religione 3$y85$m235 QUIRI 1$j140406$qDDC 21$B139549$CPULBib$Z2$F139549 $H114069 $82 941 1 $a9 960 $aBeatificazione e canonizzazione$9617 960 $aBeatificazione e canonizzazione$9617 996 $6020$a978-84-96318-96-0$9(OLS)http://pul/number/144640 996 $6082$a235$9(OLS)http://pul/classification/630 996 $6245$aProcesos de canonizacion :$bcomentarios a la instruccion Sanctorum Mater$9(OLS)http://pul/title/153954 996 $6260$aMadrid :$bPublicaciones "San Damaso"$9(OLS)http://pul/publisher/81355 LEADER 01467nam a2200325 a 4500 001 000000142684 003 CaOOAMICUS 005 20150409122948.0 008 150409s2015 it u000 u ita r 020 $a978-88-01-04716-5 040 $aPUL$bita 082 04$a227 100 1 $aMartin, Aldo.$0(OLS)http://pul/name/59363 245 10$aEdificare sul fondamento :$bintroduzione alle lettere deuteropaoline e alle lettere cattoliche non giovannee /$cAldo Martin, Carlo Broccardo, Maurizio Girolami. 260 $aTorino :$bElledici,$c©2015. 300 $a458 p. ;$c22 cm 490 1 $aGraphé ;$v08 504 $aBibliografia p. 445-447. 630 04$aBiblia.$pN.T.$pEpistolae catholicae.$0(OLS)http://pul/subject/9854 700 1 $aBroccardo, Carlo,$csac.,$d1972-$0(OLS)http://pul/name/64628 700 1 $aGirolami, Maurizio.$0(OLS)http://pul/name/77333 830 0$aGraphé ;$v08.$0(OLS)http://pul/title/174483 850 $aPUL 852 $aPUL$W1$xSL Religione 3$y85$m220 COLL 9.8$j190031$qDDC 21$B164816$CPULBib$Z2$F164816 $H125627 $82 941 1 $a9 996 $6020$a978-88-01-04716-5$9(OLS)http://pul/number/157351 996 $6082$a227$9(OLS)http://pul/classification/522 996 $6245$aEdificare sul fondamento :$bintroduzione alle lettere deuteropaoline e alle lettere cattoliche non giovannee$9(OLS)http://pul/title/180625 996 $6260$aTorino :$bElledici$9(OLS)http://pul/publisher/67321